Cities with 100,000 or more inhabitants by letter C - Statistics

General Stats
  • This quiz has been taken 26 times
  • The average score is 51 of 279
Answer Stats
Country Population City % Correct
USA, GA 189,885 Columbus
96%
USA, OH 787,033 Columbus
96%
Egypt 9,153,135 Cairo
92%
Denmark 777,218 Copenhagen
92%
Venezuela 1,945,901 Caracas
88%
UK, Wales 362,800 Cardiff
88%
Morocco 3,359,818 Casablanca
88%
USA, NC 731,424 Charlotte
88%
USA, IL 2,695,598 Chicago
88%
Germany 1,080,394 Cologne
88%
Canada 1,239,220 Calgary
83%
Australia 410,301 Canberra
83%
Mexico 743,626 Cancún
83%
USA, OH 296,943 Cincinnati
83%
USA, MO 108,500 Columbia
83%
USA, SC 129,272 Columbia
83%
Argentina 1,317,298 Córdoba
83%
Mexico 218,153 Córdoba
83%
Spain 325,916 Córdoba
83%
China 11,430,000 Chengdu
79%
New Zealand 404,500 Christchurch
79%
USA, OH 396,698 Cleveland
79%
Ireland 125,657 Cork
79%
Colombia 2,400,653 Cali
75%
South Africa 433,688 Cape Town
75%
China 8,518,000 Chongqing
75%
USA, CO 416,427 Colorado Springs
75%
Philippines 922,611 Cebu
71%
India 4,681,087 Chennai
71%
Moldova 532,513 Chişinău
67%
Bangladesh 2,581,643 Chittagong
67%
Brazil 247,268 Colombo
67%
Sri Lanka 752,993 Colombo
67%
USA, SC 120,083 Charleston
63%
Guinea 1,660,973 Conakry
63%
Brazil 1,908,359 Curitiba
63%
Australia 144,787 Cairns
58%
Canada 129,920 Cambridge
54%
UK, England 124,900 Cambridge
54%
USA, MA 105,162 Cambridge
54%
Russia 1,130,132 Chelyabinsk
54%
Colombia 971,592 Cartagena
50%
Spain 213,943 Cartagena
50%
USA, TX 305,215 Corpus Christi
50%
Benin 679,012 Cotonou
50%
Brazil 1,210,098 Campinas
46%
USA, IA 126,326 Cedar Rapids
46%
Belgium 201,816 Charleroi
46%
USA, TN 167,674 Chattanooga
46%
Italy 311,620 Catania
42%
China 4,020,000 Changsha
42%
USA, VA 222,209 Chesapeake
42%
USA, CA 243,916 Chula Vista
42%
Romania 324,576 Cluj-Napoca
42%
UK, England 360,100 Coventry
42%
USA, AZ 236,123 Chandler
38%
China 3,290,918 Changzhou
38%
Mexico 1,321,004 Ciudad Juárez
38%
Philippines 154,723 Cadiz
33%
Spain 123,948 Cádiz
33%
Italy 154,106 Cagliari
33%
USA, FL 154,305 Cape Coral
33%
Mexico 878,062 Chihuahua
33%
Peru 428,450 Cusco
33%
USA, NC 135,234 Cary
29%
Bolivia 630,587 Cochabamba
29%
UK, England 111,921 Colchester
29%
Chile 992,589 Concepción
29%
USA, CA 152,374 Corona
29%
Germany 101,036 Cottbus
29%
France 105,403 Caen
25%
China 3,575,000 Changchun
25%
UK, England 118,200 Chester
25%
Colombia 129,652 Chía
25%
Thailand 131,091 Chiang Mai
25%
USA, FL 107,685 Clearwater
25%
India 1,050,721 Coimbatore
25%
Portugal 143,396 Coimbra
25%
Romania 283,872 Constanţa
25%
Brazil 874,210 Campo Grande
21%
USA, CA 105,328 Carlsbad
21%
USA, CO 100,377 Centennial
21%
India 1,055,450 Chandigarh
21%
Germany 246,855 Chemnitz
21%
China 1,462,383 Cixi
21%
USA, TN 132,929 Clarksville
21%
France 141,569 Clermont-Ferrand
21%
USA, CA 122,068 Concord
21%
USA, FL 121,096 Coral Springs
21%
USA, TX 133,168 Carrollton
17%
Russia 324,444 Chita
17%
Algeria 464,219 Constantine
17%
UK, England 111,700 Crawley
17%
Brazil 607,153 Cuiabá
17%
Puerto Rico 176,762 Carolina
13%
Japan 972,861 Chiba
13%
Indonesia 307,494 Cirebon
13%
Chile 147,886 Calama
8%
Cuba 321,992 Camagüey
8%
Mexico 220,389 Campeche
8%
Australia 325,082 Central Coast
8%
China 1,457,419 Changde
8%
South Korea 1,070,199 Changwon
8%
Canada 101,647 Chatham-Kent
8%
Russia 312,310 Cherepovets
8%
Thailand 180,000 Chonburi
8%
North Korea 627,000 Chongjin
8%
Canada 139,284 Coquitlam
8%
USA, CA 109,960 Costa Mesa
8%
Romania 269,506 Craiova
8%
Colombia 646,468 Cúcuta
8%
Mexico 366,321 Cuernavaca
8%
India 606,007 Cuttack
8%
Venezuela 119,033 Cagua
4%
Puerto Rico 142,893 Caguas
4%
Peru 201,329 Cajamarca
4%
Philippines 1,583,978 Caloocan
4%
China 536,795 Cangzhou
4%
Haiti 274,404 Cap-Haïtien
4%
Haiti 511,345 Carrefour
4%
Colombia 124,242 Cartago
4%
Costa Rica 156,600 Cartago
4%
China 1,047,700 Changshu
4%
Russia 453,721 Cheboksary
4%
China 457,300 Chengde
4%
Ukraine 281,549 Cherkasy
4%
Russia 129,069 Cherkessk
4%
Mexico 151,243 Chetumal
4%
China 562,321 Chuzhou
4%
Cuba 164,924 Cienfuegos
4%
Venezuela 350,691 Ciudad Bolívar
4%
Paraguay 301,815 Ciudad del Este
4%
Mexico 405,000 Ciudad Obregón
4%
Argentina 182,631 Comodoro Rivadavia
4%
Chile 158,438 Copiapó
4%
Venezuela 127,900 Cúa
4%
Ecuador 329,928 Cuenca
4%
Mexico 785,800 Culiacán
4%
Venezuela 423,546 Cumaná
4%
Philippines 302,231 Cabanatuan
0%
Venezuela 288,595 Cabimas
0%
Brazil 171,583 Cabo de Santo Agostinho
0%
Brazil 216,030 Cabo Frio
0%
Philippines 308,745 Cabuyao
0%
Brazil 118,294 Cachoeirinha
0%
Brazil 209,878 Cachoeiro de Itapemirim
0%
Philippines 675,950 Cagayan de Oro
0%
Philippines 322,128 Cainta
0%
Nigeria 371,022 Calabar
0%
Philippines 454,486 Calamba
0%
Philippines 133,893 Calapan
0%
Philippines 183,851 Calbayog
0%
Brazil 292,074 Camaçari
0%
Brazil 143,210 Camaragibe
0%
Brazil 120 904 Cametá
0%
Brazil 405,072 Campina Grande
0%
Brazil 110,796 Campo Largo
0%
Brazil 503,424 Campos dos Goytacazes
0%
Turkey 111,137 Çanakkale
0%
Philippines 117,434 Candelaria
0%
Brazil 323,827 Canoas
0%
Paraguay 224,152 Capiatá
0%
Brazil 119,625 Caraguatatuba
0%
Brazil 392,294 Carapicuíba
0%
Philippines 119,664 Carcar
0%
Brazil 348,738 Cariacica
0%
Venezuela 112,600 Carora
0%
Brazil 354,951 Caruaru
0%
Venezuela 173.877 Carúpano
0%
Brazil 324 476 Cascavel
0%
Brazil 183,917 Castanhal
0%
Spain 170,888 Castellón de la Plana
0%
Brazil 119,480 Catanduva
0%
Philippines 129,523 Cauayan
0%
Brazil 325,441 Caucaia
0%
Philippines 102,806 Cavite
0%
Brazil 155,129 Caxias
0%
Brazil 504,069 Caxias do Sul
0%
Mexico 468,469 Celaya
0%
India 110,983 Champdani
0%
India 166,867 Chandannagar
0%
India 114,384 Chandausi
0%
India 320,379 Chandrapur
0%
China 426,253 Changji
0%
China 3,234,100 Changzhi
0%
China 859,000 Chaohu
0%
China 428,000 Chaoyang
0%
China 2,669,844 Chaozhou
0%
Brazil 216,654 Chapecó
0%
India 141,640 Chas
0%
China 4,559,600 Chenzhou
0%
South Korea 666,417 Cheonan
0%
South Korea 838,689 Cheongju
0%
Ukraine 294,727 Chernihiv
0%
Ukraine 266,366 Chernivtsi
0%
India 201,598 Chhapra
0%
India 142,476 Chhatarpur
0%
India 260,575 Chhindwara
0%
Taiwan 270,254 Chiayi
0%
China 478,410 Chibi
0%
Peru 552,508 Chiclayo
0%
China 910,000 Chifeng
0%
Japan 239,874 Chigasaki
0%
India 118,496 Chikmagalur
0%
Japan 104,136 Chikusei
0%
Japan 103,076 Chikushino
0%
India 101,398 Chilakaluripet
0%
Chile 174,777 Chillán
0%
Mexico 187,251 Chilpancingo
0%
Mexico 614,453 Chimalhuacán
0%
Peru 371,012 Chimbote
0%
Mozambique 372,821 Chimoio
0%
Nicaragua 134,720 Chinandega
0%
Peru 177,219 Chincha Alta
0%
Zambia 185,200 Chingola
0%
Pakistan 477,781 Chiniot
0%
Zambia 455,783 Chipata
0%
Uzbekistan 171,300 Chirchiq
0%
Pakistan 149,939 Chishtian
0%
India 125,170 Chitradurga
0%
India 289,625 Chittoor
0%
India 116,406 Chittorgarh
0%
Zimbabwe 365,026 Chitungwiza
0%
China 1,550,000 Chizhou
0%
Algeria 178,616 Chlef
0%
Japan 228,633 Chōfu
0%
Honduras 242,974 Choloma
0%
Honduras 120,000 Choluteca
0%
Poland 111,536 Chorzów
0%
South Korea 281,725 Chuncheon
0%
South Korea 218,098 Chungju
0%
India 119,856 Churu
0%
China 480,000 Chuxiong City
0%
Cuba 125,609 Ciego de Ávila
0%
Colombia 104,897 Ciénaga
0%
Mexico 201,778 Ciudad Acuña
0%
Mexico 523,370 Ciudad Apodaca
0%
Mexico 168,482 Ciudad Cuauhtémoc
0%
Mexico 169,466 Ciudad del Carmen
0%
El Salvador 174,825 Ciudad Delgado
0%
Venezuela 1,050,283 Ciudad Guayana
0%
Mexico 489,160 Ciudad López Mateos
0%
Venezuela 115,827 Ciudad Losada
0%
Mexico 209,175 Ciudad Madero
0%
Mexico 1,110,565 Ciudad Nezahualcóyotl
0%
Venezuela 128,941 Ciudad Ojeda
0%
Mexico 176,935 Ciudad Valles
0%
Mexico 305,155 Ciudad Victoria
0%
Turkey 106,831 Cizre
0%
Vietnam 203,435 Cẩm Phả
0%
Vietnam 1,569,301 Cần Thơ
0%
Mexico 278,064 Coacalco de Berriozábal
0%
Mexico 319,187 Coatzacoalcos
0%
Brazil 120,265 Codó
0%
Brazil 120,677 Colatina
0%
Mexico 711,235 Colima
0%
Honduras 152,051 Comayagua
0%
Bangladesh 296,010 Comilla
0%
Mexico 141,013 Comitán
0%
Argentina 149,450 Concordia
0%
Brazil 113,019 Conselheiro Lafaiete
0%
Brazil 613,815 Contagem
0%
Chile 200,117 Coquimbo
0%
Turkey 235,354 Çorlu
0%
Chile 107,759 Coronel
0%
Brazil 109,857 Coronel Fabriciano
0%
Argentina 346,334 Corrientes
0%
Turkey 231,146 Çorum
0%
Brazil 110,806 Corumbá
0%
Philippines 299,438 Cotabato
0%
Brazil 229,548 Cotia
0%
Brazil 129,662 Crato
0%
Brazil 192,236 Criciúma
0%
Mexico 110,385 Cuautitlán
0%
Mexico 175,208 Cuautla
0%
Brazil 127,006 Cubatão
0%
India 173,676 Cuddalore
0%
Chile 136,954 Curicó
0%
Poland 224,376 Częstochowa
0%
No matching quizzes found
Score Distribution
Percent of People with Each Score
Percentile by Number Answered
Your Score History
You have not taken this quiz